000 00338nam a2200121Ia 4500
008 190216s9999||||xx |||||||||||||| ||und||
100 _aCarolina Biological Supply Co Author
245 0 _aBiology/Science Materials
260 _bCarolina Biological Supply Company
_c1986
300 _a1188p
650 _aGeneral Collections
942 _cREF
999 _c35859
_d35859